000 00819nam a2200277Ia 4500
003 OSt
005 20221007122447.0
006 a|||||r|||| 00| 0
007 ta
008 221006b |||||||| |||| 00| 0 eng d
020 _a9783642005404 (hbd)
024 _a97601
037 _b939, 22/02/2010, Ashutosh Technical Books
_cTextbook
040 _aPAPL
_cPAPL
_beng
041 _2eng
_aeng
082 _aC:(B), P9 Carpa
100 _aJost Jurgen
245 0 _aGeometry and physics
260 _aBerlin
_bSpringer
_c2009
300 _axiv, 217p.
_ccm.
500 _aBibliography 209-212p.; Index 213-217p.
650 _a Geometry
650 _aPhysics
942 _hC:(B), P9 Carpa
_cTB
_2CC
999 _c1210382
_d1210382